Cost accounting: (Record no. 24572)

MARC details
000 -LEADER
fixed length control field 01048 a2200253 4500
003 - CONTROL NUMBER IDENTIFIER
control field dpl
005 - DATE AND TIME OF LATEST TRANSACTION
control field 20090302130955.0
008 - FIXED-LENGTH DATA ELEMENTS--GENERAL INFORMATION
fixed length control field 090302t xxu||||| |||| 00| 0 eng d
010 ## - LIBRARY OF CONGRESS CONTROL NUMBER
LC control number B-317495
020 ## - INTERNATIONAL STANDARD BOOK NUMBER
Terms of availability 320.00
035 ## - SYSTEM CONTROL NUMBER
System control number B-317495
037 ## - SOURCE OF ACQUISITION
Source of stock number/acquisition D.B.Act / Pub
040 ## - CATALOGING SOURCE
Original cataloging agency DPL
Transcribing agency DPL
082 ## - DEWEY DECIMAL CLASSIFICATION NUMBER
Classification number 657.42
100 ## - MAIN ENTRY--PERSONAL NAME
Personal name Maheshwari, S. N.
245 ## - TITLE STATEMENT
Title Cost accounting:
Statement of responsibility, etc by S. N. Maheshwari and S. N. MIttal
Remainder of title theory and problems [for B.Com. M.com, C.A., M.B.A., C.S. & I.C.W.A. students]/
250 ## - EDITION STATEMENT
Edition statement 22nd rev. ed.
260 ## - PUBLICATION, DISTRIBUTION, ETC. (IMPRINT)
Place of publication, distribution, etc Delhi
Name of publisher, distributor, etc Shree Mahavir Book Depot (Publishers)
Date of publication, distribution, etc 2007
270 ## - ADDRESS
Address 2603, Nai Sarak
City Delhi
Postal code 110006
Telephone number 011-23262993, 011-27430823
Fax number 011-23270792
Electronic mail address mahavirpublications@hotmail.com
300 ## - PHYSICAL DESCRIPTION
Extent vi, 894, 210 p.
Dimensions 24 cm. (Pbk)
700 ## - ADDED ENTRY--PERSONAL NAME
Personal name Mittal, S. N.
942 ## - ADDED ENTRY ELEMENTS (KOHA)
Institution code [OBSOLETE] dpl
Koha item type English Books
Call number prefix 657.42 / MAH
Source of classification or shelving scheme Dewey Decimal Classification
Classification part 657.42
Call number suffix MAH
Holdings
Withdrawn status Lost status Source of classification or shelving scheme Damaged status Not for loan Collection code Home library Current library Date acquired Source of acquisition Cost, normal purchase price Total Checkouts Total Renewals Full call number Barcode Date last seen Date checked out Copy number Cost, replacement price Price effective from Koha item type
    Dewey Decimal Classification     Non-fiction Vinoba Puri Vinoba Puri 02/03/2009 DBAct 320.00 19 8 657.42 MAH B-317495 21/02/2011 20/01/2011 1 320.00 02/03/2009 English Books

© Delhi Public Library
Hit Counter
free hit counter